OXFORD DICTIONARY LITERARY TERMS (Record no. 19606)
[ view plain ]
| 000 -LEADER | |
|---|---|
| fixed length control field | 00371nam a22001577a 4500 |
| 003 - CONTROL NUMBER IDENTIFIER | |
| control field | SGT |
| 020 ## - INTERNATIONAL STANDARD BOOK NUMBER | |
| International Standard Book Number | 9780198715443 |
| 082 ## - DEWEY DECIMAL CLASSIFICATION NUMBER | |
| Classification number | 801.950 3, BAL |
| 100 ## - MAIN ENTRY--PERSONAL NAME | |
| Personal name | BALDICK,CHRIS. |
| 245 ## - TITLE STATEMENT | |
| Title | OXFORD DICTIONARY LITERARY TERMS |
| 250 ## - EDITION STATEMENT | |
| Edition statement | 4TH |
| 260 ## - PUBLICATION, DISTRIBUTION, ETC. (IMPRINT) | |
| Place of publication, distribution, etc | UNITED KINGDOM |
| Name of publisher, distributor, etc | OXFORD UNIVERSITY |
| Year of Publication | 2015 |
| 300 ## - PAGE DESCRIPTION | |
| No. of Pages | 385 |
| 650 ## - SUBJECT ADDED ENTRY--TOPICAL TERM | |
| Topical term or geographic name as entry element | OXFORD DICTIONARY |
| 942 ## - ADDED ENTRY ELEMENTS (KOHA) | |
| Source of classification or shelving scheme | Dewey Decimal Classification |
| Koha item type | Books |
| 942 ## - ADDED ENTRY ELEMENTS (KOHA) | |
| -- | 3 |
| Withdrawn status | Lost status | Source of classification or shelving scheme | Damaged status | Use restrictions | Not for loan | Collection code | Home library | Current library | Shelving location | Date acquired | Vendor Name | Cost, normal purchase price | SGTU | Bill Number | Full call number | Accession No. (Barcode) | Date last seen | Bill Date | Koha item type | Total Checkouts | Date last borrowed |
|---|---|---|---|---|---|---|---|---|---|---|---|---|---|---|---|---|---|---|---|---|---|
| Dewey Decimal Classification | Restricted Access | Not For Loan | ENGINEERING | SGT Engineering Library | SGT Engineering Library | Reference Book | 26/12/2019 | AHUJA BOOK COMPANY PVT. LTD | 499.00 | SGTU | ONS/SGT/ | 801.950 3, BAL | FE7812 | 26/12/2019 | 21/11/2019 | Books | |||||
| Dewey Decimal Classification | ENGINEERING | SGT Engineering Library | SGT Engineering Library | Text Book | 26/12/2019 | AHUJA BOOK COMPANY PVT. LTD | 499.00 | SGTU | ONS/SGT/ | 801.950 3, BAL | FE7813 | 05/08/2024 | 21/11/2019 | Books | 2 | 05/08/2024 | |||||
| Dewey Decimal Classification | ENGINEERING | SGT Engineering Library | SGT Engineering Library | Text Book | 26/12/2019 | AHUJA BOOK COMPANY PVT. LTD | 499.00 | SGTU | ONS/SGT/ | 801.950 3, BAL | FE7814 | 26/12/2019 | 21/11/2019 | Books | |||||||
| Dewey Decimal Classification | ENGINEERING | SGT Engineering Library | SGT Engineering Library | Text Book | 26/12/2019 | AHUJA BOOK COMPANY PVT. LTD | 499.00 | SGTU | ONS/SGT/ | 801.950 3, BAL | FE7816 | 20/06/2025 | 21/11/2019 | Books | 2 | 16/06/2025 | |||||
| Dewey Decimal Classification | SGT Science & Social Sciences Library | SGT Science & Social Sciences Library | Text Book | 26/12/2019 | AHUJA BOOK COMPANY PVT. LTD | 499.00 | SGTU | ONS/SGT/ | 801.950 3, BAL | FE7815 | 26/12/2019 | 21/11/2019 | Books |